000 00977nam a22002537a 4500
005 20170123164143.0
010 _aB-028857
020 _c200.00
_a8186583246
035 _aB-028857
037 _aCen Lib / Ret
040 _aDPL
_bPN
082 _a260
_bਕੁਲਵੰ
100 _aਕੁਲਵੰਤ ਕੌਰ
_9118643
245 _aਗੁਰਮਤ ਨੂਰ /
_cਕੁਲਵੰਤ ਕੌਰ
246 _aGurmat noor : articles and research papers on gurmat /
_bby Kulwant Kaur
260 _aਦਿੱਲੀ
_bਵੈੱਲਾਵਿਸ਼ ਪਬਲਿਸ਼ਰਜ਼
_c1999
270 _aਪੀਤਮ ਪੁਰਾ
_bਦਿੱਲੀ
_e110034
300 _a207p.
_c22cm(Hb)
650 _aਪੰਜਾਬੀ ਸਾਹਿਤ
_9118644
650 _aਪੰਜਾਬੀ ਛੰਦ
_91301
650 _aਸਿਖ ਪੰਜਾਬੀ - ਭਾਸਾ
_9118645
650 _aSikhism -- Panjabi language.
_9118646
942 _2ddc
_cPN
_h260
_mਕੁਲਵੰ
999 _c109775
_d109775